Top 25 największych gospodarek na świecie w 2019 roku - Statystyki

Ogólne statystyki
  • Ten quiz został rozwiązany 77 razy
  • Średni wynik to 22 z 25
Statystyki odpowiedzi
Miejsca Odpowiedż % Poprawnych
2 Chiny
100%
4 Niemcy
99%
6 Francja
97%
7 Indie
96%
13 Hiszpania
94%
12 Rosja
94%
11 Kanada
93%
15 Meksyk
93%
22 Polska
93%
8 Włochy
93%
9 Brazylia
91%
3 Japonia
91%
5 Wielka Brytania
91%
14 Australia
90%
19 Turcja
90%
10 Korea Południowa
89%
25 Argentyna
87%
17 Holandia
84%
23 Szwecja
84%
18 Arabia Saudyjska
83%
24 Belgia
81%
16 Indonezja
79%
1 Stany Zjednoczone
74%
20 Szwajcaria
71%
21 Tajlandia
53%
Nie znaleziono quizów pasujących do podanych kryteriów
Rozkład punktacji
Procent ludzi z każdym wynikiem
Percentyl według liczby udzielonych odpowiedzi
Twoja historia wyników
Nie rozwiązałeś tego quizu